000 00585nas a2200217 4500
001 BR8802888
003 BR-BrBNA
005 20231205091141.0
007 ta
008 230509b bl.|||p| |||| 00| 00por d
040 _aBR-BrBNA
_bpor
_cBiblioteca Nacional de Agricultura
041 _a(Pt)
072 _aE20
100 1 _aJose, M.S.
245 1 _aSeguro rural
650 _aSEGURO RURAL
650 _aPECUARIA
773 0 _tBalde Branco (Brazil)
_xISSN 0005-4275
_g(Jan 1988), v. 23(279) p. 10-15
_wBR8802888
909 _a202311
_bLúcia
_c55
_dLúcia Elande
942 _2AGRIS
_n0
_cANA
999 _c123151
_d123151